TALES FROM INDIAN CLASSICS BOOK 1 (Record no. 1083792)

MARC details
000 -LEADER
fixed length control field 00493nam a2200193Ia 4500
008 - FIXED-LENGTH DATA ELEMENTS--GENERAL INFORMATION
fixed length control field 151119s9999||||xx |||||||||||||| ||und||
082 ## - DEWEY DECIMAL CLASSIFICATION NUMBER
Classification number 028.5SAV/TAL
082 ## - DEWEY DECIMAL CLASSIFICATION NUMBER
Item number GKKV31476
100 ## - MAIN ENTRY--PERSONAL NAME
Personal name SAVITRI
245 ## - TITLE STATEMENT
Title TALES FROM INDIAN CLASSICS BOOK 1
260 ## - PUBLICATION, DISTRIBUTION, ETC. (IMPRINT)
Place of publication, distribution, etc NEW DELHI
260 ## - PUBLICATION, DISTRIBUTION, ETC. (IMPRINT)
Name of publisher, distributor, etc CHILDREN BOOK TRUST
260 ## - PUBLICATION, DISTRIBUTION, ETC. (IMPRINT)
Date of publication, distribution, etc 2012
600 ## - SUBJECT ADDED ENTRY--PERSONAL NAME
Personal name SAVITRI
630 ## - SUBJECT ADDED ENTRY--UNIFORM TITLE
Uniform title TALES FROM INDIAN CLASSICS BOOK 1
700 ## - ADDED ENTRY--PERSONAL NAME
Personal name SAVITRI
730 ## - ADDED ENTRY--UNIFORM TITLE
Uniform title TALES FROM INDIAN CLASSICS BOOK 1
942 ## - ADDED ENTRY ELEMENTS (KOHA)
Koha item type Book
Holdings
Withdrawn status Lost status Damaged status Not for loan Home library Current library Date acquired Cost, normal purchase price Total Checkouts Full call number Barcode Date last seen Cost, replacement price Price effective from Koha item type
        G.K. Khandekar Vachanalaya, Mulund G.K. Khandekar Vachanalaya, Mulund 02/17/2014 0.00   GKKV31476 GKKV31476 11/19/2015 0.00 11/19/2015 Book